书目信息 |
| 题名: |
论历史
|
|
| 作者: | 罗素 ;肖巍 | |
| 分册: | ||
| 出版信息: | 桂林 广西师范大学出版社 |
|
| 页数: | 278 | |
| 开本: | 19cm | |
| 丛书名: | 雅典娜思想译丛 | |
| 单 册: | ||
| 中图分类: | K09 | |
| 科图分类: | ||
| 主题词: | 史学史 | |
| 电子资源: | ||
| ISBN: | 7-5633-3163-8 | |
| 000 | 00558nam0 2200217 450 | |
| 001 | 0734081268 | |
| 005 | 20071007092801.28 | |
| 010 | @a7-5633-3163-8 | |
| 100 | @a20071007d km y0chiy0120 ea | |
| 101 | 0 | @achi |
| 200 | 1 | @a论历史@Alun li shi@f罗素@Fluo su@g肖巍@Gxiao wei |
| 210 | @a桂林@c广西师范大学出版社 | |
| 215 | @a278@d19cm | |
| 225 | 2 | @a雅典娜思想译丛 |
| 410 | 0 | @12001 @a雅典娜思想译丛 |
| 606 | 0 | @a史学史 |
| 690 | @aK09@v3 | |
| 701 | 0 | @a罗素@Aluo su |
| 702 | 0 | @a肖巍@Axiao wei |
| 801 | 0 | @aCN@bPFT@c20071007 |
| 905 | @a213230@dK09@ea1@f1 | |
| 论历史/罗素/肖巍.-桂林:广西师范大学出版社 |
| 278;19cm.-(雅典娜思想译丛) |
| ISBN 7-5633-3163-8: |
| ● |
| 相关链接 |
|
|
|
|
正题名:论历史
索取号:K09/a1
 
预约/预借
| 序号 | 登录号 | 条形码 | 馆藏地/架位号 | 状态 | 备注 |
| 1 | 7506004 | 275060041 | 密集书库-史法系/ [索取号:K09/a1] | 在馆 |